<?xml version="1.0" encoding="UTF-8"?><marc:collection xmlns:marc="http://www.loc.gov/MARC21/slim">
  <marc:record>
    <marc:leader>00000nam##2200000za#4500</marc:leader>
    <marc:controlfield tag="001">9.646367</marc:controlfield>
    <marc:controlfield tag="003">CaOODSP</marc:controlfield>
    <marc:controlfield tag="005">20200330125946</marc:controlfield>
    <marc:controlfield tag="007">ta</marc:controlfield>
    <marc:controlfield tag="008">150407|1996||||xxc|||||     f|0| 0 eng|d</marc:controlfield>
    <marc:datafield tag="020" ind1=" " ind2=" ">
      <marc:subfield code="a">0-662-25172-5</marc:subfield>
    </marc:datafield>
    <marc:datafield tag="040" ind1=" " ind2=" ">
      <marc:subfield code="a">CaOODSP</marc:subfield>
      <marc:subfield code="b">eng</marc:subfield>
    </marc:datafield>
    <marc:datafield tag="043" ind1=" " ind2=" ">
      <marc:subfield code="a">n-cn---</marc:subfield>
    </marc:datafield>
    <marc:datafield tag="086" ind1="1" ind2=" ">
      <marc:subfield code="a">H46-2/96-206E</marc:subfield>
    </marc:datafield>
    <marc:datafield tag="110" ind1="1" ind2=" ">
      <marc:subfield code="a">Canada.</marc:subfield>
      <marc:subfield code="b">Health Canada. </marc:subfield>
      <marc:subfield code="b">Environmental Health Directorate.</marc:subfield>
    </marc:datafield>
    <marc:datafield tag="245" ind1="1" ind2="2">
      <marc:subfield code="a">A one-year survey of halogenated disinfection by-products in the distribution system of treatment plants using three different disinfection processes / </marc:subfield>
      <marc:subfield code="c">by Guy L. Lebel et al. </marc:subfield>
    </marc:datafield>
    <marc:datafield tag="260" ind1=" " ind2=" ">
      <marc:subfield code="a">Ottawa - Ontario : </marc:subfield>
      <marc:subfield code="b">Health Canada. </marc:subfield>
      <marc:subfield code="c">1996.</marc:subfield>
    </marc:datafield>
    <marc:datafield tag="300" ind1=" " ind2=" ">
      <marc:subfield code="a">59p. : </marc:subfield>
      <marc:subfield code="b">figs., graphs, references, tables ; </marc:subfield>
      <marc:subfield code="c">28 cm.</marc:subfield>
    </marc:datafield>
    <marc:datafield tag="500" ind1=" " ind2=" ">
      <marc:subfield code="a">"This study examined disinfection by-product (DBP) concentrations in drinking water as a function of treatment practice, season and location in the distribution system of three water treatment plants that applied different treatment processes (chlorine-chloramine, chlorine-chlorine, ozone-chlorine)."--Summary.</marc:subfield>
    </marc:datafield>
    <marc:datafield tag="520" ind1="3" ind2=" ">
      <marc:subfield code="a">This study examined disinfection by-product (DBP) concentrations in drinking water as a function of treatment practice, season and location in the distribution system of three water treatment plants that applied different treatment processes (chlorine-chloramine, chlorine-chlorine, ozone-chlorine).--Summary</marc:subfield>
    </marc:datafield>
    <marc:datafield tag="590" ind1=" " ind2=" ">
      <marc:subfield code="a">97-04</marc:subfield>
      <marc:subfield code="b">1997-01-24</marc:subfield>
    </marc:datafield>
    <marc:datafield tag="720" ind1="1" ind2=" ">
      <marc:subfield code="a">Lebel, Guy L.</marc:subfield>
    </marc:datafield>
    <marc:datafield tag="775" ind1="0" ind2="8">
      <marc:subfield code="t">Étude d'un an sur les sous-produits de désinfection halogénés dans le réseau de distribution d'usines de traitement utilisant trois différents procédés de désinfection / </marc:subfield>
      <marc:subfield code="w">(CaOODSP)9.679919</marc:subfield>
    </marc:datafield>
    <marc:datafield tag="776" ind1="0" ind2="#">
      <marc:subfield code="t">A one-year survey of halogenated disinfection by-products in the distribution system of treatment plants using three different disinfection processes / </marc:subfield>
      <marc:subfield code="w">(CaOODSP)9.695391</marc:subfield>
    </marc:datafield>
    <marc:datafield tag="986" ind1=" " ind2=" ">
      <marc:subfield code="a">96-EHD-206</marc:subfield>
    </marc:datafield>
  </marc:record>
</marc:collection>
